| 000 | 01540nam a2200421 i 4500 | ||
|---|---|---|---|
| 001 | 12416 | ||
| 003 | ES-MaACL | ||
| 005 | 20250803063029.0 | ||
| 007 | t| | ||
| 008 | 921014s1992 sp |||| | spa j | ||
| 017 |
_aM 26318-1992 _bOficina Depósito Legal Madrid |
||
| 020 | _a84-7100-490-9 | ||
| 080 | _a9(=96:7/8) | ||
| 080 | _a326(7/8)(091) | ||
| 100 | 1 |
_aMartínez Montiel, Luz María. _eaut _978254 |
|
| 245 | 1 | 0 |
_aNegros en América / _cLuz María Martínez Montiel. |
| 260 |
_aMadrid : _bMapfre, _c[1992] |
||
| 300 |
_a372 páginas ; _c23 cm |
||
| 490 | 1 |
_aColección América, crisol de pueblos _v2 _9179309 |
|
| 490 | 1 |
_aColecciones MAPFRE 1492 _9241455 |
|
| 500 | _aÍndices | ||
| 500 | _aCronología | ||
| 500 | _aBiografías | ||
| 504 | _aBibliografía: páginas [355]-359 | ||
| 505 | _aEl mundo precolonial; Trata y esclavitud; El negro en América; Las culturas afroamericanas | ||
| 530 | _aDisponible en formato digital | ||
| 650 | 4 |
_aPersonas negras- _zAmérica _9241496 |
|
| 650 | 4 |
_aEsclavitud- _zAmérica _9162982 |
|
| 710 | 2 |
_aFundación MAPFRE América _eisb _94363 |
|
| 710 | 2 |
_aFundación MAPFRE _eedt _94362 |
|
| 830 | 0 | 0 |
_aColección América, crisol de pueblos _v2 _9179309 |
| 830 | 0 |
_aColecciones MAPFRE 1492 _9241455 |
|
| 852 |
_aES-MaACL _cDEPO2 _jL-19880 |
||
| 856 |
_uhttps://archive.org/details/martinez-l.-m.-negros-en-america-1992 _yVersión en línea _z(Internet Archive) |
||
| 942 |
_2udc _cMONOGRAFIA _n0 |
||
| 999 |
_c12416 _d12416 |
||